000 00229nam a22000857a 4500
008 160928b xxu||||| |||| 00| 0 eng d
100 _9794
_aBalasubramanian.P.
245 _aNew Bridges-II
260 _aNew Delhi
_bFrank Publications
_c2011
999 _c3448
_d3448